| 000 | 00394nam a22001697a 4500 | ||
|---|---|---|---|
| 005 | 20180226170235.0 | ||
| 008 | 160521b xxu||||| |||| 00| 0 eng d | ||
| 020 | _a81-8318-012-4 | ||
| 041 | _aeng | ||
| 082 |
_b4006 _a330.954 |
||
| 100 |
_aMishra - Puri _9996 |
||
| 245 | _aIndian Economy | ||
| 260 | _bHimalaya Publishing House | ||
| 300 | _a948 | ||
| 650 |
_aManagement _9241 |
||
| 942 | _cBK | ||
| 999 |
_c1358 _d1358 |
||